A good deal for landlords (Record no. 83863)
[ view plain ]
| 000 -LEADER | |
|---|---|
| fixed length control field | 00667cab a22002175a 4500 |
| 001 - CONTROL NUMBER | |
| control field | L155440 |
| 008 - FIXED-LENGTH DATA ELEMENTS--GENERAL INFORMATION | |
| fixed length control field | 120322e20121203xxk 000 0 eng d |
| 035 ## - SYSTEM CONTROL NUMBER | |
| System control number | (Sirsi) u155440 |
| 041 0# - LANGUAGE CODE | |
| Language code of text/sound track or separate title | eng |
| 100 1# - MAIN ENTRY--PERSONAL NAME | |
| Personal name | McBride, Lee |
| 245 02 - TITLE STATEMENT | |
| Title | A good deal for landlords |
| 260 ## - PUBLICATION, DISTRIBUTION, ETC. | |
| Place of publication, distribution, etc. | London |
| -- | states Gazette |
| Date of publication, distribution, etc. | 2012 |
| 490 ## - SERIES STATEMENT | |
| Series statement | Estates Gazette |
| Volume/sequential designation | (1209) 3 March 2012, 146-147(2) |
| 520 ## - SUMMARY, ETC. | |
| Summary, etc. | Considers how the upcoming Green Deal will affect property investors whose tenants and occupiers want to enter into the scheme. |
| 590 ## - LOCAL NOTE (RLIN) | |
| Local note | KA |
| 651 #4 - SUBJECT ADDED ENTRY--GEOGRAPHIC NAME | |
| Geographic name | United Kingdom |
| 690 ## - LOCAL SUBJECT ADDED ENTRY--TOPICAL TERM (OCLC, RLIN) | |
| Topical term or geographic name as entry element | Energy |
| 9 (RLIN) | 6237 |
| 690 ## - LOCAL SUBJECT ADDED ENTRY--TOPICAL TERM (OCLC, RLIN) | |
| Topical term or geographic name as entry element | Sustainability |
| 9 (RLIN) | 6271 |
| 700 1# - ADDED ENTRY--PERSONAL NAME | |
| Personal name | Dawe, Sarah |
| 942 ## - ADDED ENTRY ELEMENTS (KOHA) | |
| Suppress in OPAC | 0 |
| Withdrawn status | Lost status | Source of classification or shelving scheme | Damaged status | Not for loan | Home library | Current library | Shelving location | Date acquired | Total Checkouts | Full call number | Barcode | Date last seen | Copy number | Price effective from | Koha item type |
|---|---|---|---|---|---|---|---|---|---|---|---|---|---|---|---|
| Dewey Decimal Classification | London | London | Journal article | 22/03/2012 | L155440 | 155440-1001 | 06/08/2019 | 1 | 06/08/2019 | Journal article |